[Event "Barcelona Tres Peons op 49th"]
[Site "Barcelona"]
[Date "2020.01.17"]
[Round "2"]
[White "Baratech Galup, Juan Manuel"]
[Black "Catarineu Morales, Alex"]
[Result "0-1"]
[WhiteElo "1724"]
[BlackElo "1919"]
[PlyCount "66"]
[EventDate "2020.01.10"]
[EventType "swiss"]
[EventRounds "8"]
[EventCountry "ESP"]
[SourceTitle "CBM 195 Extra"]
[Source "ChessBase"]
[SourceDate "2020.05.31"]
[SourceVersion "1"]
[SourceVersionDate "2020.05.31"]
[SourceQuality "1"]

1. d4 d5 2. Nf3 Nf6 3. g3 e6 4. Bg2 b5 5. 0-0 Bb7 6. c3 c5 7. Qb3 Qb6 8. Be3 Nbd7 9. dxc5 Bxc5 10. Bxc5 Nxc5 11. Qb4 a5 12. Qd4 0-0 13. Nbd2 a4 14. Ne5 Qc7 15. Nd3 Ncd7 16. a3 e5 17. Qe3 h6 18. Nb4 Nc5 19. Rad1 Rfe8 20. Nf3 Nb3 21. Ne1 Rad8 22. Nec2 Na5 23. Qc1 Nb3 24. Qe3 d4 25. cxd4 exd4 26. Qd3 Bxg2 27. Kxg2 Qb7+ 28. Qf3 Ne4 29. Kg1 Rd6 30. Qd3 Ng5 31. f3 Nc5 32. Qd2 d3 33. Qf4 Nh3+ 0-1

[Event "Barcelona Seniors 55 op 6th"]
[Site "Barcelona"]
[Date "2019.03.11"]
[Round "2.8"]
[White "Vallbona Domingo, Joan"]
[Black "Baratech Galup, Juan Manuel"]
[Result "1-0"]
[WhiteElo "1886"]
[BlackElo "1791"]
[PlyCount "75"]
[EventDate "2019.03.04"]
[EventType "swiss"]
[EventRounds "9"]
[EventCountry "ESP"]
[SourceTitle "EXT 2024"]
[Source "ChessBase"]
[SourceDate "2023.10.10"]
[SourceVersion "1"]
[SourceVersionDate "2023.10.10"]
[SourceQuality "1"]

1. c4 e5 2. Nc3 Nf6 3. Nf3 Nc6 4. e3 Be7 5. d4 d6 6. d5 Nb8 7. Qc2 0-0 8. Be2 Bg4 9. b3 Nbd7 10. Bb2 Bh5 11. Nd2 Bg6 12. Bd3 Bxd3 13. Qxd3 Nc5 14. Qc2 Qd7 15. h3 b6 16. 0-0 a5 17. Rae1 h6 18. Ba3 Na6 19. Qb1 Nh7 20. Bc1 Nc5 21. Nde4 Nxe4 22. Nxe4 Qf5 23. f4 Nf6 24. Nxf6+ Qxf6 25. Bb2 Qg6 26. fxe5 Qxb1 27. Rxb1 Bg5 28. Rf3 Rfe8 29. exd6 Bxe3+ 30. Rxe3 Rxe3 31. dxc7 Re7 32. d6 Rd7 33. Be5 f6 34. Bh2 Kf8 35. c5 bxc5 36. Rc1 Kf7 37. Rxc5 Rc8 38. Rb5 1-0

[Event "Barcelona Vila Gracia Seniors 55 op 4th"]
[Site "Barcelona"]
[Date "2017.03.20"]
[Round "3.1"]
[White "Ortin Caballe, Juan Jose"]
[Black "Baratech Galup, Juan Manuel"]
[Result "1-0"]
[WhiteElo "2080"]
[BlackElo "1865"]
[PlyCount "63"]
[EventDate "2017.03.06"]
[EventType "swiss"]
[EventRounds "9"]
[EventCountry "ESP"]
[SourceTitle "EXT 2024"]
[Source "ChessBase"]
[SourceDate "2023.10.10"]
[SourceVersion "1"]
[SourceVersionDate "2023.10.10"]
[SourceQuality "1"]

1. e4 e5 2. Nf3 Nc6 3. Nc3 Nf6 4. d4 exd4 5. Nxd4 Nxd4 6. Qxd4 d6 7. Bg5 Be7 8. 0-0-0 0-0 9. e5 dxe5 10. Qxe5 Bd6 11. Qd4 h6 12. Bh4 Be7 13. Qe3 Bd6 14. Bg3 Re8 15. Qd4 Be7 16. Qc4 Bd6 17. Bxd6 cxd6 18. Qd4 d5 19. Bb5 Rf8 20. Nxd5 Nxd5 21. Qxd5 Qb6 22. Bd3 Qxf2 23. Qe4 f5 24. Bc4+ Kh7 25. Qe7 Rf6 26. Bb3 Qf4+ 27. Kb1 Qe4 28. Qd8 Qb4 29. Bg8+ Kg6 30. Qe8+ Kg5 31. h4+ Kg4 32. Qe2+ 1-0

[Event "Barcelona CC 4th"]
[Site "Barcelona"]
[Date "2016.11.14"]
[Round "5.3"]
[White "Valarezo Ricard, Pedro"]
[Black "Baratech Galup, Juan Manuel"]
[Result "1/2-1/2"]
[WhiteElo "2086"]
[BlackElo "1997"]
[PlyCount "56"]
[EventDate "2016.10.17"]
[EventType "swiss"]
[EventRounds "8"]
[EventCountry "ESP"]
[SourceTitle "EXT 2024"]
[Source "ChessBase"]
[SourceDate "2023.10.10"]
[SourceVersion "1"]
[SourceVersionDate "2023.10.10"]
[SourceQuality "1"]

1. d4 d5 2. Nf3 Nf6 3. c3 g6 4. Bf4 Bg7 5. Qc1 0-0 6. Bh6 Bg4 7. Ne5 Be6 8. h4 Nbd7 9. h5 Bxh6 10. Qxh6 Nxe5 11. dxe5 Nxh5 12. f3 f5 13. Rxh5 gxh5 14. Qxe6+ Kh8 15. Nd2 c6 16. 0-0-0 Qa5 17. Kb1 Qc5 18. Qh6 d4 19. cxd4 Qxd4 20. f4 Rfd8 21. Qg5 Qe3 22. Kc2 Qc5+ 23. Kb1 Qe3 24. Qxe7 Rxd2 25. Qf6+ Kg8 26. Qg5+ Kh8 27. Qf6+ Kg8 28. Qe6+ Kh8 1/2-1/2

[Event "Barcelona CC 4th"]
[Site "Barcelona"]
[Date "2016.11.07"]
[Round "4.7"]
[White "Permanyer Ugartemendia, Inaki"]
[Black "Baratech Galup, Juan Manuel"]
[Result "0-1"]
[WhiteElo "1944"]
[BlackElo "1997"]
[PlyCount "60"]
[EventDate "2016.10.17"]
[EventType "swiss"]
[EventRounds "8"]
[EventCountry "ESP"]
[SourceTitle "EXT 2024"]
[Source "ChessBase"]
[SourceDate "2023.10.10"]
[SourceVersion "1"]
[SourceVersionDate "2023.10.10"]
[SourceQuality "1"]

1. d4 d5 2. Nf3 Nf6 3. Bg5 e6 4. e3 Be7 5. c4 c6 6. Nc3 0-0 7. Bd3 dxc4 8. Bxc4 Nd5 9. Bxe7 Qxe7 10. 0-0 Qb4 11. Qb3 Qxb3 12. Bxb3 Nd7 13. Rac1 N7f6 14. Ne5 Nd7 15. Nc4 N7b6 16. Na5 Rb8 17. Ne4 Rd8 18. a3 Kf8 19. Bc2 h6 20. Bd3 Ke7 21. b4 f5 22. Nc5 Nd7 23. b5 cxb5 24. Bxb5 Nxc5 25. dxc5 Nc7 26. Ba4 Rd3 27. Nc4 g5 28. Rfd1 Rxd1+ 29. Rxd1 Na6 30. c6 b5 0-1

[Event "Barcelona Vila Gracia Seniors 55 op 3rd"]
[Site "Barcelona"]
[Date "2016.04.04"]
[Round "3.6"]
[White "Serrano Pertinez, Miquel"]
[Black "Baratech Galup, Juan Manuel"]
[Result "1-0"]
[WhiteElo "2073"]
[BlackElo "1858"]
[PlyCount "113"]
[EventDate "2016.03.07"]
[EventType "swiss"]
[EventRounds "8"]
[EventCountry "ESP"]
[SourceTitle "EXT 2024"]
[Source "ChessBase"]
[SourceDate "2023.10.10"]
[SourceVersion "1"]
[SourceVersionDate "2023.10.10"]
[SourceQuality "1"]

1. b3 Nf6 2. Bb2 g6 3. Bxf6 exf6 4. c4 Bg7 5. Nc3 0-0 6. e3 Nc6 7. g3 d6 8. Bg2 Ne5 9. d4 Nd7 10. Nge2 f5 11. 0-0 Nf6 12. Qc2 c6 13. Nf4 Re8 14. Rfd1 Qc7 15. b4 Be6 16. Qd3 Rad8 17. Rac1 Qb6 18. d5 cxd5 19. Ncxd5 Bxd5 20. Bxd5 Nxd5 21. Nxd5 Qc6 22. Rd2 Kf8 23. Qa3 a6 24. Qa5 Rc8 25. Nb6 Re5 26. c5 Re6 27. Nxc8 Qxc8 28. Rcd1 Bf6 29. Rxd6 Kg7 30. h4 Re8 31. c6 Be7 32. cxb7 Qxb7 33. Rb6 Qf3 34. Rd7 Bd8 35. Rxd8 Rxd8 36. Rxg6+ hxg6 37. Qxd8 Qe2 38. Qd4+ Kf8 39. a4 Ke7 40. Kg2 Ke6 41. Qb6+ Ke7 42. b5 axb5 43. Qxb5 Qc2 44. Qe5+ Kf8 45. a5 Qc6+ 46. Kh2 Qf3 47. Qf4 Qa8 48. h5 Qxa5 49. Qh6+ Ke7 50. Qg5+ f6 51. Qxg6 Ke6 52. e4 fxe4 53. Qxe4+ Kf7 54. g4 Qc7+ 55. f4 Qd7 56. Qg6+ Ke7 57. Qg7+ 1-0

[Event "Barcelona Chavarria Memorial 1st"]
[Site "Barcelona"]
[Date "2012.10.03"]
[Round "1"]
[White "Baratech Galup, Juan Manuel"]
[Black "Cruz Estrada, Filemon"]
[Result "0-1"]
[WhiteElo "1879"]
[BlackElo "2425"]
[PlyCount "58"]
[EventDate "2012.10.03"]
[EventType "swiss"]
[EventRounds "9"]
[EventCountry "ESP"]
[SourceTitle "EXT 2014"]
[Source "ChessBase"]
[SourceDate "2013.11.20"]
[SourceVersion "1"]
[SourceVersionDate "2013.11.20"]
[SourceQuality "1"]

1. d4 g6 2. Nf3 Bg7 3. g3 c5 4. c3 b6 5. Bg2 Bb7 6. 0-0 Nf6 7. Qb3 cxd4 8. Ne5 d5 9. cxd4 0-0 10. Nc3 Nc6 11. Nxc6 Bxc6 12. e3 Qd7 13. Bd2 b5 14. a4 bxa4 15. Nxa4 Rfb8 16. Qc2 Bxa4 17. Rxa4 Rxb2 18. Qxb2 Qxa4 19. Ra1 Qd7 20. Bb4 e6 21. Qa3 Qb7 22. Bf1 Ne4 23. f3 Ng5 24. Bg2 e5 25. Bc5 Ne6 26. Rd1 exd4 27. exd4 Bf8 28. f4 Rc8 29. Qxa7 Nxc5 0-1

[Event "Barcelona Ateneu Colon op 7th"]
[Site "Barcelona"]
[Date "2012.04.11"]
[Round "4"]
[White "Herms Agullo, Jordi"]
[Black "Baratech Galup, Juan Manuel"]
[Result "1-0"]
[WhiteElo "2095"]
[BlackElo "1909"]
[PlyCount "50"]
[EventDate "2012.03.14"]
[EventType "swiss"]
[EventRounds "9"]
[EventCountry "ESP"]
[SourceTitle "EXT 2013"]
[Source "ChessBase"]
[SourceDate "2012.11.22"]
[SourceVersion "1"]
[SourceVersionDate "2012.11.22"]
[SourceQuality "1"]

1. e4 e5 2. Nc3 Nc6 3. Bc4 Nf6 4. d3 Be7 5. f4 exf4 6. Bxf4 d6 7. Nge2 Ne5 8. Bb3 Ng6 9. 0-0 Be6 10. Nd4 Bxb3 11. axb3 Nxf4 12. Rxf4 0-0 13. Nf5 g6 14. Nxe7+ Qxe7 15. Qf3 Nh5 16. Nd5 Qd8 17. Nf6+ Nxf6 18. Rxf6 Kg7 19. Rf1 Qe7 20. h4 Rad8 21. h5 c6 22. Qf4 h6 23. Qh4 g5 24. Qf2 Rd7 25. Qf5 Qe5 1-0

[Event "Barcelona Tupinamba op 6th"]
[Site "Barcelona"]
[Date "2011.03.16"]
[Round "2"]
[White "Capellades Subirana, Marc"]
[Black "Baratech Galup, Juan Manuel"]
[Result "1-0"]
[WhiteElo "2223"]
[BlackElo "1922"]
[PlyCount "43"]
[EventDate "2011.03.09"]
[EventType "swiss"]
[EventRounds "9"]
[EventCountry "ESP"]
[SourceTitle "EXT 2012"]
[Source "ChessBase"]
[SourceDate "2011.11.24"]
[SourceVersion "1"]
[SourceVersionDate "2011.11.24"]
[SourceQuality "1"]

1. e4 e5 2. Nf3 Nc6 3. Bc4 Be7 4. Nc3 Nf6 5. d3 d6 6. h3 0-0 7. 0-0 Na5 8. Bb3 Nxb3 9. axb3 Bd7 10. Nh2 h6 11. f4 exf4 12. Bxf4 Bc6 13. Ne2 Nh7 14. Nd4 Bd7 15. Ng4 Bg5 16. Qd2 Bxf4 17. Rxf4 Qg5 18. Ra5 Qe7 19. Ne3 c5 20. Ndf5 Bxf5 21. Nxf5 Nf6 22. Nxe7+ 1-0

[Event "Barcelona Edami op 8th"]
[Site "Barcelona"]
[Date "2010.02.09"]
[Round "2.7"]
[White "Baratech Galup, Juan Manuel"]
[Black "Prats Rodriguez, Juan Bosco"]
[Result "0-1"]
[WhiteElo "1959"]
[BlackElo "2089"]
[PlyCount "70"]
[EventDate "2010.02.02"]
[EventType "swiss"]
[EventRounds "8"]
[EventCountry "ESP"]
[SourceTitle "EXT 2024"]
[Source "ChessBase"]
[SourceDate "2023.10.10"]
[SourceVersion "1"]
[SourceVersionDate "2023.10.10"]
[SourceQuality "1"]

1. d4 d5 2. Nf3 Nf6 3. g3 Bf5 4. Bg2 e6 5. 0-0 Be7 6. c4 c6 7. Qb3 Qb6 8. Qxb6 axb6 9. cxd5 exd5 10. Nc3 h6 11. Nd2 0-0 12. e4 dxe4 13. Ndxe4 Rd8 14. Be3 Ng4 15. a3 Nxe3 16. fxe3 Be6 17. Rad1 Bb3 18. Rde1 Bc4 19. Rf2 Nd7 20. Nd2 Ba6 21. d5 Ne5 22. Be4 Bf6 23. dxc6 bxc6 24. Nf3 Nd3 25. Bxd3 Bxd3 26. Nd1 Be4 27. Nd2 Bc2 28. Nc3 Bd3 29. Nde4 Be5 30. Rd2 Bxe4 31. Nxe4 Rxd2 32. Nxd2 Bxb2 33. Nc4 Bf6 34. Nxb6 Rxa3 35. e4 Bd4+ 0-1